• 首页
  • 本馆介绍
  • 公告通知
  • 最新文献
  • 馆藏检索
  • 电子资源
  • 读者导购
  • 参考咨询
  • 我的图书馆
  • 登录
  • 详细信息显示
  • 放入我的书架
  • 预约/预借图书
  • 作者相关作品
  • 分类相关作品
  • 丛书相关作品
  • 出版社相关作品

书目信息

  • 表格格式
  • 工作单格式
  • 卡片格式
题名:
魏源诗文选注
    
 
作者: 魏源 著 ;湖南省魏源诗文注释组 选注
分册:  
出版信息: 长沙   湖南人民出版社  1980
页数: 370页
开本: 20cm
丛书名:
单 册:
中图分类: I215.22 , I214.92
科图分类:
主题词: 古典诗歌--中国--清代--选集 , 文学--作品集--中国 , 古典散文--中国--清代--选集
电子资源:
ISBN:
000 00804nam0 2200265 45
001 0180002951
005 20060820093345.93
010    @dCNY1.10
091    @a10109.1234
100    @a19960215d1980 em y0chiy0121 ea
101 0  @achi
102    @aCN@b430000
105    @ay z 000gy
200 10 @a魏源诗文选注@Awei yuan shi wen xuan zhu@f(清)魏源著@g湖南省魏源诗文注释组选注
210    @a长沙@c湖南人民出版社@d1980
215    @a370页@d20cm
606    @a古典诗歌@y中国@z清代@x选集
606 0  @a文学@x作品集@x中国
606    @a古典散文@y中国@z清代@x选集
690    @aI215.22@v3
690    @aI214.92
701  0 @a魏源@Awei yuan@4著
712 02 @a湖南省魏源诗文注释组@Ahu nan sheng wei yuan shi wen zhu shi zu@4选注
801  0 @aCN@bNLC@c20060820
905    @f2@b32243-244@f1@b32246@dI214.92@e356
    
    魏源诗文选注/(清)魏源著/湖南省魏源诗文注释组选注.-长沙:湖南人民出版社,1980
    370页;20cm
    
    
    ISBN :CNY1.10
    
●
相关链接 在E读中查询图书 在五车中查询图书 在当当中查询图书 在豆瓣中查询图书


正题名:魏源诗文选注     索取号:I214.92/356         预约/预借

序号 登录号 条形码 馆藏地/架位号 状态 备注
1 0032243   000233973   第二借阅区/ [索取号:I214.92/356] 在馆    
2 0032244   000233937   第二借阅区/ [索取号:I214.92/356] 在馆    
3 0032246   000234017   第二借阅区/ [索取号:I214.92/356] 在馆    
4 0470211   204702116   密集书库/ [索取号:I214.92/356] 在馆    
唐山师范学院图书馆 欢迎您!
大连网信软件有限公司© 版权所有